000 00400nam a2200169 i 4500
001 bg
100 1 _aKACZYŃSKI, Jerzy
245 0 _aChemia ogólna /
_cJerzy Kaczyński, Andrzej Czaplicki.
250 _aWyd.3 popr.
260 _aWarszawa,
_c1977.
700 1 _aCZAPLICKI, Andrzej
040 _cBPK
041 _apol
080 _a54
942 _cKS
008 s pl f |000 0 pol
999 _c9378
_d9378
856 _uhttp://koha.tu.koszalin.pl/cgi-bin/koha/opac-detail.pl?biblionumber=9378
_yKatalog online BPK